| 000 | 00378nam a2200169Ia 4500 | ||
|---|---|---|---|
| 001 | 4622 | ||
| 005 | 20250626030131.0 | ||
| 008 | 211022s9999 xx 000 0 und d | ||
| 082 | _a728.952 FUT | ||
| 100 | _aFutagawa, Yukio | ||
| 245 | 0 | _aKevin Roche John Dinkeloo and Associates | |
| 260 | _aTokyo | ||
| 260 | _bA.D.A.Edita | ||
| 260 | _c1974 | ||
| 300 | _a40 | ||
| 942 | _cBK | ||
| 999 |
_c7237 _d7237 |
||